00323nam a2200121 a 450000500170000000800410001702200150005810000300007324500320010326000360013599900170017104000130018820201002052845.0150811s2004 000 spa d a9945400134 aSánchez, Olimpia974438 0aLengua : educación media. aActualidad Escolar 2000,cs. f. c45908d45908 aDO-SdBNP